<?xml version="1.0" encoding="UTF-8"?>
<record
    xmlns:xsi="http://www.w3.org/2001/XMLSchema-instance"
    xsi:schemaLocation="http://www.loc.gov/MARC21/slim http://www.loc.gov/standards/marcxml/schema/MARC21slim.xsd"
    xmlns="http://www.loc.gov/MARC21/slim">

  <leader>00201nam a2200085   4500</leader>
  <controlfield tag="001">1255579</controlfield>
  <controlfield tag="005">20251210124159.0</controlfield>
  <datafield tag="245" ind1=" " ind2=" ">
    <subfield code="a">KAYITDI&#x15E;I TAR&#x130;H&#x130;M&#x130;Z</subfield>
    <subfield code="c">YAVUZ BAHADIRO&#x11E;LU</subfield>
  </datafield>
  <datafield tag="260" ind1=" " ind2=" ">
    <subfield code="b">NES&#x130;L YAYINLARI</subfield>
  </datafield>
  <datafield tag="999" ind1=" " ind2=" ">
    <subfield code="c">1255579</subfield>
    <subfield code="d">1255579</subfield>
  </datafield>
  <datafield tag="952" ind1=" " ind2=" ">
    <subfield code="0">0</subfield>
    <subfield code="1">0</subfield>
    <subfield code="2">ddc</subfield>
    <subfield code="4">0</subfield>
    <subfield code="7">0</subfield>
    <subfield code="a">1054</subfield>
    <subfield code="b">1054</subfield>
    <subfield code="d">2025-12-10</subfield>
    <subfield code="l">0</subfield>
    <subfield code="o">E3</subfield>
    <subfield code="p">1054173</subfield>
    <subfield code="r">2025-12-10 12:42:16</subfield>
    <subfield code="w">2025-12-10</subfield>
    <subfield code="y">BK</subfield>
  </datafield>
</record>
